00952naa#a2200253#i#4500001001600000005001700016011001400033100004100047101000800088102000700096200013000103210010500233215001000338608004500348675012700393700002900520700002500549700002600574700002200600700002100622700002100643700002000664856001400684RU\\bibl\10337520260416050308.4##a2308-4057##a20260325b2026####ek#y0rusy0150####ca0#aENG##aRU1#aEffect of cultivation conditions on polysaccharide synthesis by Skeletonema pseudocostatumeЖурнальная статья1#aКемеровоcКемеровский государственный университетd2026##a8 с.##aЖурнальная статья2local##aСельское хозяйство. Лесное хозяйство. Охота. Рыбное хозяйство. 63zENG#1aDolganyukgVyacheslav F.#1aKashirskikhgEgor V.#1aSukhikhgStanislav A.#1aKremlevagOlga E.#1aUlrikhgElena V.#1aMalkovgDanil I.#1aBabichgOlga O.4#azh-szf.ru